Disney Princess Animal Sidekicks - Statistics

General Stats
  • This quiz has been taken 35 times
  • The average score is 14 of 20
Answer Stats
Picture Answer % Correct
Flounder
97%
Sebastian
97%
Abu
93%
Mushu
90%
Pascal
83%
Maximus
79%
Meeko
79%
Gus
76%
Hei Hei
76%
Pegasus
76%
Pua
72%
Rajah
69%
Scuttle
69%
Jaq
66%
Ray
62%
Louis
59%
Cri-Kee
48%
Flit
45%
Tuk Tuk
31%
Bruni
21%
No matching quizzes found
Score Distribution
Percent of People with Each Score
Percentile by Number Answered
Your Score History
You have not taken this quiz